Language Quiz

Random Language or Letter Quiz

One-Syllable '-ight' Words Quiz Stats

Quiz Updated Oct 13, 2016

Challenge
Share
Tweet
Embed
Score 0/26 Timer 04:00
0 Plays Today
% Correct
light
96.3%
might
96%
sight
94.7%
night
93.3%
right
91.7%
fight
91.7%
tight
90.8%
bright
80.3%
height
80.1%
blight
78.9%
flight
77.7%
fright
70.2%
slight
68.2%
% Correct
bight
67.7%
plight
65.3%
wight
59.8%
eight
59.3%
weight
51.7%
wright
50.1%
dight
46.9%
freight
46.8%
hight
36.4%
knight
34.4%
sleight
32.3%
straight
16.7%
spright
12.4%

You're not logged in!

Compare scores with friends on all Sporcle quizzes.
Join for Free
OR
Log In

You Might Also Like...

Show Comments

Extras

Top Quizzes Today


Score Distribution

Your Account Isn't Verified!

In order to create a playlist on Sporcle, you need to verify the email address you used during registration. Go to your Sporcle Settings to finish the process.

Report this User

Report this user for behavior that violates our Community Guidelines.

Details: